MDQL
is popping MORE tags! Check the
thread
!
Quizzes
Events
Quiz Creation
Community
Videos
Private Events
Remove Ads
Sign In
Join for FREE
Feedback
Dark Mode
Quiz Categories
Sports
Geography
Music
Movies
Television
Just For Fun
Miscellaneous
History
Literature
Language
Science
Gaming
Entertainment
Religion
Holiday
For Kids
Quiz Lab
Recent
Popular Today
Quiz Kudos Today
Editor Picks
Curator Picks
Quizzes by...
Day
Popularity
Type
Ratings
Length
Year
Community
Subscriptions
Recent Discussions
Orange Saloon
Badges
Playlists
Quests
Create
Leaderboards
Showdown
Live 5
Trivia Bingo
Activity
Puzzle Library
Sporcle Events
Private Events
Virtual Trivia
Globe League
Become a Host
Pub Owners
SporcleCon
Opinionation
Our Games
Videos
Blog
Mobile Apps
Partnerships
Remove Ads and Go Orange
Feedback
Music
Pop Music
The Beatles
Song
Album
Lyrics
Bands
Singers
Artist
Clip
Rock
Rap
Classical
Billboard
Country Music
Kpop
Taylor Swift
Music
Pop Music
The Beatles
Song
Album
Lyrics
Bands
Singers
Artist
Clip
Rock
Rap
Classical
Billboard
Country Music
Kpop
Taylor Swift
Random Quiz
Search Sporcle
×
Quiz Lab
Quiz Lab
Music
Lyrics
Type in answers that appear in a list
Type in answers that appear in a list
Classic
Best Score? Go Orange.
'Elephant Talk' lyrics (King Crimson) Stats
Can you name the lyrics to 'Elephant Talk' by King Crimson?
By
Sue_Gee
7m
104 Questions
194 Plays
194 Plays
194 Plays
Comments
Comments
Give Quiz Kudos
Give Quiz Kudos
-
- Ratings
hide this ad
More Info
Replay
Link that replays current quiz
Next Quiz
Link to next quiz in quiz playlist
You Got
0%
They Got
Avg Score
71%
Avg Friend Score
Upgrade to see
Score Distribution
Jump to the score distribution portion of the page
Score
0/104
Timer
07:00
0
Plays Today
% Correct
Talk,
100%
talk
100%
talk
100%
Talk
100%
talk
100%
talk
100%
talk
100%
Talk
100%
talk
100%
talk,
100%
talk
100%
talk
100%
talk
100%
Talk,
100%
talk,
100%
talk
100%
talk,
100%
talk
100%
Talk,
100%
talk,
100%
talk
100%
talk
100%
talk
100%
Talk
100%
talk
100%
talk,
100%
talk,
100%
talk
100%
Elephant
94.3%
elephant
94.3%
elephant
94.3%
it's
93.8%
It's
93.8%
it's
93.8%
It's
93.8%
% Correct
it's
93.8%
It's
93.8%
it's
93.8%
it's
93.8%
It's
93.8%
a
93.3%
only
89.7%
only
89.7%
only
89.7%
only
89.7%
only
89.7%
only
89.7%
only
89.7%
D
83.5%
Arguments,
73.7%
words
72.2%
with
71.6%
this
71.6%
time
70.1%
are
68.6%
These
67.5%
bicker
67%
bicker
67%
bicker
67%
announcements
65.5%
agreements,
63.4%
ballyhoo
62.4%
all
62.4%
all
62.4%
banter,
61.3%
chit-chat,
61.3%
chit-chat,
61.3%
chit-chat
61.3%
Articulate
59.8%
Brouhaha,
57.2%
% Correct
balderdash,
57.2%
Dialogue,
57.2%
advice,
54.6%
Babble,
53.6%
Back
53.6%
Conversation,
53.1%
burble,
52.1%
diatribe
51%
Double
51%
double
51%
that
49.5%
criticism
48.5%
answers,
46.9%
controversy
45.4%
Cheap
44.3%
Chatter
43.3%
trash
42.3%
commentary,
40.7%
Too
37.6%
Small
37.1%
Debates,
36.6%
cliches,
36.1%
discussions
36.1%
exclamations,
36.1%
much
35.6%
contradiction,
34.5%
Comments,
30.4%
dualogue,
29.4%
declamation
29.4%
Dissention,
26.8%
editorials,
25.8%
Expressions,
23.2%
enfadulations
9.3%
expugnations,
8.8%
Quiz Playlist
Details
Report
Send in Message
Add To Playlist
More Info:
From the album Discipline, released in 1981.
Classic:
Type in answers that appear in a list
Quiz Source
Last Updated: Jun 12, 2017
Quiz Scoreboard
CHALLENGE
Sign Up to Join the Scoreboard
Show All
Scores
Hide
Comments
May contain spoilers
Recently Published
Holiday 10x10 Sorting Gallery
by lukepisani3
Holiday
15m
Two Season TV Shows II
by 123Four
Television
10m
Image Sorting: Flags VI
by Barbecue
Geography
2m
More to Explore
Quiz From the Vault
Featured Blog Post
14 Easter Pick-up Lines to Find Eggs With
hide this ad
You Might Also Like...
Tags
Lyrics Quiz
discipline
King Crimson
Today's Top Quizzes in Music
Browse Music
hide this ad
Today's Top Quizzes in Lyrics
Browse Lyrics
Top Contributed Quizzes in Music
1
5X2 Blitz: Bands II
2
Taylor Swift All Songs (2024)
3
5X2 Blitz: The Beatles
4
5X2 Blitz: Billboard
5
Music Artist by Three 2010s hits
6
5X2 Blitz: Billboard II
7
5X2 Blitz: Album
8
5X2 Blitz: Rock
9
5X2 Blitz: Singers
10
5X2 Blitz: Lyrics
Explore More
Trending Topics
Disney
Marvel
Harry Potter
Anime
Kpop
NBA
Crossword
The Office
Pokémon
Puzzle
Soccer
WWE
NFL
Country
Song
hide this ad
More By:
Sue_Gee
Quiz
Plays
Rating
Category
Featured
Created
'Somebody to Love' lyrics (Queen)
4,295
4.10
Music
Aug 27, 2013
'I've Just Seen a Face' lyrics (The Beatles)
632
4.60
Music
Aug 28, 2013
'I Will' lyrics (The Beatles)
317
5.00
Music
Aug 24, 2013
'E' Named Bands & Musicians
301
4.00
Music
Oct 21, 2013
'Elephant Talk' lyrics (King Crimson)
194
4.75
Music
Aug 28, 2013
Go to Creator's Profile
Score Distribution
Quiz Creator Spotlight
Sue_Gee
Follow
Send a Message
Quizzes Created
-
Created Quiz Play Count
-
More By This Creator
Popular Quizzes Today
1
Find the US States - No Outlines Minefield
2
Colored Red Africa Blitz
3
Find the 'City' Movie
4
The Countries of the World
5
5x2 Blitz: Bands
6
Find the US States
7
Find the Countries of Europe - No Outlines Minefield
8
US States
More Music Quizzes
Tyler, The Creator's Album, 'CALL ME IF YOU GET LOST'
Quiz Lab
Trending Quizzes
Colored Red Europe Blitz I
Colored Red Europe Blitz II
Colored Red Africa Blitz II
Colored Red Europe Blitz III
Colored Red Africa Blitz III
Recently Updated
Odd Team Out - Big 4 Players
pecheneg
Quick Pick: 20 Twenties
pecheneg
March Madness Men's Triple Doubles
pecheneg
How Do You Spell That?
pecheneg
Godzilla Movies
pecheneg
Grab Bag: 4-10 Letters
pecheneg
2024 March Madness Bracket
pecheneg
Famous TV Couples
Peacemaker
Champions League XIs: Real Madrid
pecheneg
Largest US Cities 1790-2010
pecheneg
Trending Topics
Anime
NBA
Crossword
Kpop
Harry Potter
Disney
Marvel
Song
Puzzle
NFL
Soccer
The Office
Country
Pokémon
WWE
Your Account Isn't Verified!
In order to create a playlist on Sporcle, you need to verify the email address you used during registration. Go to your
Sporcle Settings
to finish the process.
Report this User
Report this user for behavior that violates our
Community Guidelines
.
Details:
Send Report
Go to the Sporcle.com Mobile Site →
Comments